The Rookie Quiz - Statistics

General Stats
  • This quiz has been taken 8,917 times
  • The average score is 13 of 21
Answer Stats
Hint Answer % Correct
Who was Lucy's Training Officer? Tim Bradford
99%
Who was Jackson's Training Officer? Angela Lopez
96%
Who is the Watch Commander? Wade Grey
87%
Who was John's Training Officer/ Nyla Harper
85%
What did Bailey show up on John's doorstep wearing? Towel
74%
What is Wesley/s profession? Lawyer
72%
What is John's half brothers name? Pete
71%
What season did Tim And Lucy Start Dating? Season 5
71%
Who is the lazy cop? Smitty
65%
What position did John use his golden ticket on? Training Officer
63%
What season did Nyla and James get married? Season 4
61%
Who is Lucy's roommate? Tamara
61%
What is John's sons name? Henry
60%
What season did John and Bailey get married? Season 6
60%
What is the name of Grey's wife? Luna
50%
What is the name of Tim's doppleganger? Jake
49%
What is the name of Lucy's doppleganger? Sava
46%
Who Works at the Community Center? James Murray
43%
Who's dad is a rapper? Aaron Thorsen
33%
Who is the psychopathic serial killer? Roslind Dyer
27%
Who Kidnapped Celina's sister Blanca? Officer Chambers
12%
No matching quizzes found
Score Distribution
Percent of People with Each Score
Percentile by Number Answered
Your Score History
You have not taken this quiz